Geography Quiz

Random Geography or Asia Quiz
Score 0/49 Timer 11:00
0 Plays Today
% Correct
Georgia
83.3%
Japan
73.3%
Mongolia
71.7%
North Korea
71.7%
Turkey
71.7%
Brunei
68.3%
Nepal
68.3%
Russia
66.7%
Malaysia
63.3%
Laos
63.3%
Iran
60%
Saudi Arabia
56.7%
Thailand
55%
Cambodia
53.3%
Timor-Leste
53.3%
Uzbekistan
53.3%
Palestine
40%
Myanmar
35%
South Korea
33.3%
Bhutan
31.7%
Lebanon
31.7%
Taiwan
31.7%
China
28.3%
Qatar
28.3%
Singapore
26.7%
% Correct
United Arab Emirates
26.7%
Armenia
25%
Bangladesh
25%
Pakistan
18.3%
Kazakhstan
16.7%
Yemen
16.7%
Oman
15%
Sri Lanka
15%
Iraq
13.3%
Kyrgyzstan
13.3%
Afghanistan
11.7%
Israel
11.7%
Syria
11.7%
Turkmenistan
11.7%
Bahrain
10%
Indonesia
10%
Jordan
10%
Azerbaijan
10%
Vietnam
10%
Philippines
8.3%
Maldives
8.3%
India
6.7%
Kuwait
6.7%
Tajikistan
5%
Remove Ads.
Support Sporcle.
Get the best of Sporcle when you Go Orange. This ad-free experience offers more features, more stats, and more fun while also helping to support Sporcle. Thank you for becoming a member.

You're not logged in!

Compare scores with friends on all Sporcle quizzes.
OR
Log In

Show Comments

Extras

Top Quizzes Today


Score Distribution

Your Account Isn't Verified!

In order to create a playlist on Sporcle, you need to verify the email address you used during registration. Go to your Sporcle Settings to finish the process.

Report this User

Report this user for behavior that violates our Community Guidelines.

Details: